000 00291nam a2200097Ia 4500
008 241105s9999 xx 000 0 und d
041 _aeng
100 _aKolhe Kavita
_9182677
245 _aLandscape Development Of Muktai Temple Precinct At Narayangaon
260 _bM Arch Landscape, Pune
_c2014
999 _c360968
_d360968